Catalog

Record Details

Catalog Search



Clovis Crawfish and his friends  Cover Image Book Book

Clovis Crawfish and his friends / Mary Alice Fontenot ; illustrated by Keith Graves.

Fontenot, Mary Alice. (Author). Graves, Keith. (Added Author).

Summary:

In the Louisiana Bayou Clovis Crawfish tries to prevent M'sieu Blue Jay from making a meal out of his friend Gaston Grasshopper.

Record details

  • ISBN: 088289479X
  • ISBN: 9780882894799
  • Physical Description: [32] pages : illustrations (some color) ; 29 cm.
  • Publisher: Gretna, La. : Pelican Pub. Co., 1985.
Subject: Crayfish > Juvenile fiction.
Bayous > Juvenile fiction.
Louisiana > Juvenile fiction.
Crayfish > Fiction.
Bayous > Fiction.
Louisiana > Fiction.

LDR 01214cam a2200337 a 4500
001122570
003CONS
00520140703073259.0
008850719s1985 laua j 000 1 eng
010 . ‡a 85016994
020 . ‡a088289479X
020 . ‡a9780882894799
035 . ‡a(CPomAG)LMN477917
0500 . ‡aPZ7.F73575 ‡bCle 1985
0820 . ‡a[E] ‡219
1001 . ‡aFontenot, Mary Alice.
24510. ‡aClovis Crawfish and his friends / ‡cMary Alice Fontenot ; illustrated by Keith Graves.
260 . ‡aGretna, La. : ‡bPelican Pub. Co., ‡c1985.
300 . ‡a[32] pages : ‡billustrations (some color) ; ‡c29 cm.
440 4. ‡aThe Clovis Crawfish series
520 . ‡aIn the Louisiana Bayou Clovis Crawfish tries to prevent M'sieu Blue Jay from making a meal out of his friend Gaston Grasshopper.
650 0. ‡aCrayfish ‡vJuvenile fiction.
650 0. ‡aBayous ‡vJuvenile fiction.
651 0. ‡aLouisiana ‡vJuvenile fiction.
650 1. ‡aCrayfish ‡vFiction.
650 1. ‡aBayous ‡vFiction.
651 1. ‡aLouisiana ‡vFiction.
7001 . ‡aGraves, Keith.
914 . ‡dLMN_cm
959 . ‡i32269000340359 ‡lE Fon ‡aJuvenile - Easy ‡tEasy ‡g14.95
852 . ‡p32269000340359 ‡jE Fon ‡gJuvenile - Easy ‡cEasy ‡y14.95 ‡bSBPL
901 . ‡a122570 ‡bUnknown ‡c122570 ‡tbiblio

Additional Resources